| 000 | 00497nam a2200169 i 4500 | ||
|---|---|---|---|
| 001 | 68136 | ||
| 003 | ES-MaACL | ||
| 005 | 20230906170218.0 | ||
| 007 | t| | ||
| 008 | 040610s1972 sp ||||1| baq d | ||
| 100 | 1 |
_aGarate, Gotzon. _953920 |
|
| 245 | 1 | 0 |
_aMarx eta nazioa _b: soziologia / _cGotzon Garate ; azala: Néstor Basterretxea. |
| 260 |
_a[Bilbao : _bMensajero, _c1972] |
||
| 300 |
_a209 p. ; _c18 cm. |
||
| 700 | 1 |
_aBasterretxea, Néstor. _926357 |
|
| 852 |
_aES-MaACL _jC-53129 _bR.80626 |
||
| 999 |
_c68136 _d68136 |
||